00333pab a2200133 454500008004000000100002600040245004800066260000900114300001500123362001000138650002200148650001400170773001500184180718b2009 xxu||||| |||| 00| 0 eng d aSharan, Shree Shankar aThe way we conduct elections in our country c2009 ap.7-8, 28. a4 Apr aElections - India aElections aMainstream